000 00808nam a2200265 a 4500
001 13388
005 20251017124423.0
008 940406s1992 tnua 000 0 eng
010 _a 94141663
035 _a4439512
040 _aDLC
_cDLC
_dBSULIB
050 0 0 _aBS195
_b.T63 1992
082 0 0 _a220.5
_220
_bGOO
130 0 _aBible.
_lEnglish.
_sToday's English.
_f1992.
_926012
245 1 0 _aGood news Bible :
250 _a2nd ed.
260 _aAfrica :
_bThe United Bible Societies;
_c1994.
300 _a374 p. :
_bill. ;
_c22 cm.
500 _aIncludes Index
710 2 _aThomas Nelson Publishers.
_926013
906 _a7
_bcbc
_corignew
_d2
_encip
_f19
_gy-gencatlg
942 _2ddc
_cBK
999 _c13388
_d13388